| 000 | 00477nam a2200181 i 4500 | ||
|---|---|---|---|
| 001 | 14605 | ||
| 003 | ES-MaACL | ||
| 005 | 20230906150840.0 | ||
| 007 | t| | ||
| 008 | 990430s1997 sp ||||1| spa d | ||
| 020 | _a84-7100-872-6 | ||
| 080 | _a614.84 | ||
| 245 | 0 | 0 | _aManual de seguridad contra incendios. |
| 260 |
_aMadrid : _bMAPFRE, _c[1997] |
||
| 300 |
_aXVIII, 1380 p. ; _c21 cm. |
||
| 650 | 1 | 4 |
_aIncendios- _xPrevención. _913647 |
| 852 |
_aES-MaACL _jL-21842 _bR.127168 |
||
| 999 |
_c14605 _d14605 |
||